000 00919nam a2200277 i 4500
003 DO-SdBNP
005 20240722154807.0
007 ta
008 240722b2024 dr ||||| |||| 00| 0 spa d
020 _a9789945188912
040 _aDO-SdBNP
_bspa
_cBNPHU
_erda
082 4 _222
100 _aLeón, Patricio,
_980614
_eautor
245 1 3 _aEl indulto /
_b
_cPatrio León ; corrección Olga Agustín, Carmen Rosa Estr
264 _aSanto Domingo :
_bLP Comunicaciones,
_c2024.
300 _a137 páginas ;
_c20 cm.
336 _2rdacontent
_atexto
_btxt
337 _2rdamedia
_asin mediación
_bn
338 _2rdacarrier
_avolumen
_bnc
590 _aLa biblioteca posee 1 ejemplar autográfiado por el autor
590 _aInventariado, 2024/BT
700 1 _aAgustín, Olga,
_ecorrección de estilo
_977859
700 1 _aEstrada, Carmen Rosa,
_ecorrección de estilo
_985074
910 _aBtavárez
942 _2ddc
_cLBS1
999 _c57332
_d57332